Ładuje się......
Vietnam- Arinjathum anubhavichathum
| 1. autor: | |
|---|---|
| Format: | Printed Book |
| Wydane: |
Kottayam
DC books
2012
|
| LEADER | 00397nam a22001217a 4500 | ||
|---|---|---|---|
| 020 | |a 9788126435753 | ||
| 082 | |a 910.4 |b SAS.V | ||
| 100 | |a Sasikumar G | ||
| 245 | |a Vietnam- Arinjathum anubhavichathum | ||
| 260 | |a Kottayam |b DC books |c 2012 | ||
| 942 | |c BK | ||
| 999 | |c 3683 |d 3683 | ||
| 952 | |0 0 |1 0 |4 0 |6 910_400000000000000_SAS_V |7 0 |8 NFIC |9 3683 |a CAMPUS |b CAMPUS |d 2015-05-08 |l 0 |o 910.4 SAS.V |p 20516 |r 2015-05-08 |w 2015-05-08 |y BK | ||